000 06072nam a22005417a 4500
005 2010091802302.0
008 100915t xxu||||| |||| 00| 0 hin d
010 _aHIN-90523 B-440123-142
020 _c365.00
_a9788189982454
035 _aHN-62869 B-440123-142
037 _bDBAD / PUB
037 _bRBC/Ven
040 _aDPL
_bHN
082 _a220.21
100 _920178
_aसक्सेना, प्रवेश
245 _aयजुर्वेदः
_cप्रवेश सक्सेना
_bयुवाओं के लिए /
246 _aYajurveda:Yuvaon ke liya
_bby Pravesh Saxena
260 _aदिल्ली
_bआर्य प्रकाशन मंडल
_c2010
270 _aiX/221, सरस्वती भंडार, गांधीनगर
_bदिल्ली
_e110031
300 _a244पृ.
_c22सेमी (सजिल्द)
650 _91159
700 _920179
700 _920333
700 _920540
942 _2ddc
_cHN
_mसक्सेना
_h220.21
999 _c47309
_d47309